| 000 | 00705nam a2200217 a 4500 | ||
|---|---|---|---|
| 999 |
_c6678 _d6678 |
||
| 001 | 6678 | ||
| 003 | BD-JhCC | ||
| 005 | 20180128102643.0 | ||
| 008 | 180128s ii |||| ||a| 000 0 ben d | ||
| 035 | _a(BD-JhCC)6678 | ||
| 040 |
_aBD-JhCC _dBD-JhCC |
||
| 041 | _aben | ||
| 082 |
_a610.9 _bIBA |
||
| 100 | _aইবার্ল, আর্মেনগার্ড | ||
| 245 |
_aচিকিৎসা-বিজ্ঞানের নব অবদান / _cআর্মেনগার্ড ইবার্ল, |
||
| 260 |
_aকলিকাতা : _bঅশোক পুস্তাকালয়, |
||
| 300 |
_a170 p. : _c18 cm. |
||
| 650 |
_aMedicine _xResearch |
||
| 942 |
_2ddc _cBK |
||